| 000 | 00000nam##2200000za#4500 |
| 001 | 9.587089 |
| 003 | CaOODSP |
| 005 | 20210624194444 |
| 007 | cr ||||||||||| |
| 008 | 150406|1998||||xxc|||||o f|0| 0 eng|d |
| 040 | |aCaOODSP|beng |
| 041 | |aeng |
| 041 | |afre |
| 043 | |an-cn--- |
| 086 | 1 |aS52-2/239-1998-PDF |
| 110 | 1 |aCanada. |bPublic Works and Government Services Canada. |bTranslation Bureau. |
| 245 | 10|aImmigration glossary / |h[electronic resource]|c[by] Jean-Marc Saint-Louis. |
| 250 | |aRevised and expanded edition |
| 260 | |aGatineau - Quebec : |bPublic Works and Government Services Canada. |cc1998. |
| 300 | |a797p.|bglossary, photographs |
| 490 | 1 |aTerminology bulletin|v239 |
| 500 | |aThe catalogue number (S52-2/239-1998) and ISBN (0-660-60374-8) for the print edition have been incorrectly copied in this electronic publication. |
| 590 | |a11-24-Supp|b2011-10-24 |
| 690 | 07|aDictionaries|2gcpds |
| 690 | 07|aImmigration|2gcpds |
| 720 | 1 |aSaint-Louis, Jean-Marc |
| 792 | |tLexique de l'immigration / |efre|w(CaOODSP)9.587090 |
| 830 | #0|aTerminology bulletin ;|v239|w(CaOODSP)9.500139 |
| 856 | 40|ahttp://publications.gc.ca|qPDF|s2.03 MB|uhttps://publications.gc.ca/collections/collection_2011/tpsgc-pwgsc/S52-2-239-1998.pdf|y239 |